000
00296nam a22001337a 4500
008
170131b xxu||||| |||| 00| 0 eng d
020
_a
9780781771566
041
_a
eng
080
_2
2ND
_a
61
100
_a
3
101
_a
SHM
245
_a
STEP-UP TO SUMLE STEP 2
_c
KLEUNEN, J.P
942
_2
udc
_c
BK
999
_c
4161
_d
4161